"Testnevelés, mint a vidámság órája!" beszámoló a VI. Országos Sporttudományi Kongresszusról /
A Magyar Sporttudományi Társaság 2007. október 28–30. között az egri Eszterházy Károly Főiskola Testnevelési és Sporttudományi Intézetével közösen rendezte soros kongresszusát. A három nap során a plenáris előadásokon túl 12 különböző szekcióban hallhattak az érdeklődők többek közt az életmódról, a...
Elmentve itt :
| Szerző: | |
|---|---|
| Dokumentumtípus: | Cikk |
| Megjelent: |
2008
|
| Sorozat: | Iskolakultúra
18 No. 3-4 |
| Online Access: | http://misc.bibl.u-szeged.hu/42579 |
| LEADER | 01350nab a2200181 i 4500 | ||
|---|---|---|---|
| 001 | misc42579 | ||
| 005 | 20191106140633.0 | ||
| 008 | 180706s2008 hu o 0|| zxx d | ||
| 022 | |a 1215-5233 | ||
| 040 | |a SZTE Miscellanea Repozitórium |b hun | ||
| 041 | |a zxx | ||
| 100 | 1 | |a Herzog Csilla | |
| 245 | 1 | 0 | |a "Testnevelés, mint a vidámság órája!" |h [elektronikus dokumentum] : |b beszámoló a VI. Országos Sporttudományi Kongresszusról / |c Herzog Csilla |
| 260 | |c 2008 | ||
| 300 | |a 147-151 | ||
| 490 | 0 | |a Iskolakultúra |v 18 No. 3-4 | |
| 520 | 3 | |a A Magyar Sporttudományi Társaság 2007. október 28–30. között az egri Eszterházy Károly Főiskola Testnevelési és Sporttudományi Intézetével közösen rendezte soros kongresszusát. A három nap során a plenáris előadásokon túl 12 különböző szekcióban hallhattak az érdeklődők többek közt az életmódról, a sport és társadalom, a sport és nevelés, az iskolai testnevelés, a diáksport kapcsolatáról, a sportélettan, sportorvoslás, rehabilitáció kérdéséről vagy a fogyatékosok sportjáról, illetve a gyógytestnevelésről. Beszámolónkban a Sporttudományi Kongresszus azon előadásaira összpontosítottunk, melyek kapcsolatba hozhatók a közoktatással. | |
| 856 | 4 | 0 | |u http://misc.bibl.u-szeged.hu/42579/1/3_EPA00011_iskolakultura_2008-3-4.pdf |z Dokumentum-elérés |